Информационные системы и технологии: учебное пособие
| Yazar: | |
|---|---|
| Müşterek Yazar: | |
| Diğer Yazarlar: | |
| Özet: | Заглавие с титульного экрана Текстовый файл AM_TPU_network |
| Dil: | Rusça |
| Baskı/Yayın Bilgisi: |
Томск, Изд-во ТПУ, 2013
|
| Konular: | |
| Online Erişim: | http://www.lib.tpu.ru/fulltext2/m/2014/m276.pdf |
| Materyal Türü: | MixedMaterials Elektronik Kitap |
| KOHA link: | https://koha.lib.tpu.ru/cgi-bin/koha/opac-detail.pl?biblionumber=267662 |
MARC
| LEADER | 00000nam0a2200000 4500 | ||
|---|---|---|---|
| 001 | 267662 | ||
| 005 | 20260403152755.0 | ||
| 035 | |a (RuTPU)RU\TPU\book\290734 | ||
| 090 | |a 267662 | ||
| 100 | |a 20140804d2013 m y0rusy50 ca | ||
| 101 | 0 | |a rus | |
| 102 | |a RU | ||
| 105 | |a a j 001zy | ||
| 135 | |a drgn ---uucaa | ||
| 181 | 0 | |a i |b e | |
| 182 | 0 | |a b | |
| 183 | 0 | |a cr |2 RDAcarrier | |
| 200 | 1 | |a Информационные системы и технологии |e учебное пособие |f И. Л. Чудинов, В. В. Осипова |g Национальный исследовательский Томский политехнический университет (ТПУ) | |
| 203 | |a Текст |c электронный |b визуальный | ||
| 210 | |a Томск |c Изд-во ТПУ |d 2013 | ||
| 283 | |a online_resource |2 RDAcarrier | ||
| 300 | |a Заглавие с титульного экрана | ||
| 336 | |a Текстовый файл | ||
| 371 | 0 | |a AM_TPU_network | |
| 606 | 1 | |a Информационные системы, вычислительные |2 stltpush |3 (RuTPU)RU\TPU\subj\70829 |9 84999 | |
| 610 | 1 | |a электронный ресурс | |
| 610 | 1 | |a труды учёных ТПУ | |
| 610 | 1 | |a учебные пособия | |
| 610 | 1 | |a понятие | |
| 610 | 1 | |a классификации | |
| 610 | 1 | |a информационные технологии | |
| 610 | 1 | |a бизнес-моделирование | |
| 675 | |a 004(075.8) |v 4 | ||
| 700 | 1 | |a Чудинов |b И. Л. |c специалист в области информатики и вычислительной техники |c доцент Томского политехнического университета, кандидат технических наук |f 1945-2021 |g Игорь Леонидович |3 (RuTPU)RU\TPU\pers\25955 |9 11805 | |
| 701 | 1 | |a Осипова |b В. В. |c специалист в области информатики и вычислительной техники |c программист, доцент Томского политехнического университета, кандидат технических наук |f 1984- |g Виктория Викторовна |3 (RuTPU)RU\TPU\pers\25939 |9 11789 | |
| 712 | 0 | 2 | |a Национальный исследовательский Томский политехнический университет (ТПУ) |b Институт кибернетики (ИК) |b Кафедра оптимизации систем управления (ОСУ) |3 (RuTPU)RU\TPU\col\18702 |
| 801 | 2 | |a RU |b 63413507 |c 20160617 |g RCR | |
| 856 | 4 | 0 | |u http://www.lib.tpu.ru/fulltext2/m/2014/m276.pdf |z http://www.lib.tpu.ru/fulltext2/m/2014/m276.pdf |
| 942 | |c CF | ||